000 00595nam a2200193 4500
999 _c163820
_d163820
005 20190501152602.0
010 _aA-710350
035 _aA-710350
037 _bDBAD/PUB
082 _a909
100 _aNehru,Jawaharlal
245 _aJawaharlal Nehru:
_bGlimses of World History/
_cby Jawaharlal Nehru
260 _aNew delhi
_bOxford University Press
_c1985
270 _aYMCA library building,jai singh road,
_bNew Delhi
_e110001
300 _axxii,992p.
_bill.
_c21cms(hbk)
500 _aIt includes index
942 _2ddc
_cEN
_h909
_mNEH